Portakal (Record no. 658282)

MARC details
000 -LEADER
sabit uzunluktaki kontrol alanı 00227nam a2200097Ia 4500
001 - KONTROL NUMARASI
kontrol alanı 658282
005 - EN SON İŞLEMİN TARİH VE ZAMANI
kontrol alanı 20250826154632.0
008 - SABİT-UZUNLUKTA VERİ ÖĞELERİ--GENEL BİLGİ
sabit uzunluktaki kontrol alanı 250824s9999 xx 000 0 und d
245 #0 - ESER / YAZAR
ESER ADI Portakal
Yazar Adı Çetin Öner
260 ## - YAYIN, DAĞITIM, VB.
YAYIN EVİ CAN YAYINLARI
Holdings
Düşüm durumu Kayıp durumu Hasar Durumu Ödünç verilmez Ana kütüphane Geçerli Kütüphane Edinilen tarih Toplam ödünç verme sayısı Barkod Son görüntüleme tarihi Son ödünç verme tarihi Fiyatın geçerli olmaya başladığı tarih Koha materyal türü
        REBİİ KARATEKİN ORTAOKULU REBİİ KARATEKİN ORTAOKULU 24.08.2025 2 1011566 25.11.2025 20.10.2025 26.08.2025 Books